1103 1927 1333 1686 1094 1922 1172 1354 1968 1257 1613 1213 1821 1193 1536 1480 1519 1470 1088 1169 1138 1857 1449 1654 1351 1199 1706 1489 1738 1766 1002 1914 1652 1374 1540 1923 1634 1990 1990 1499 1555 1304 1111 1786 1476 1123 1797 2000 1420 1189 1917 1638 1892 1634 1270 1222 1832 1085 1320 1793 1423 1275 1954 1669 1649 1333 1971 1116 1598 1744 1884 1694 1493 1658 1651 1610 1367 1294 1161 1694 1822 1376 1999 1654 1242 1465 1363 1842 1938 1669 1950 1664 1164 1637 1922 1135 1357 1535 1003 BCNSPRNW ULIB Ver.6.0+V

เปลี่ยนเป็นภาษาไทย

Change to English
 แสดงรายละเอียดบรรณานุกรม
  กลับหน้าหลัก

Brief Record : Get Marc (ISO 2709) : E-mail record : QR code < ปิดหน้าต่าง
LEADER : 00000nam 2200000uu 4500
001    13399121489
003     ULIB
008    121121s2550||||th 000 0 tha d
020    ^a9789742052829
090    ^aนว.^bจ313ห
100    ^aจามรี พรรณชมพู
110    ^aคลังวิทยา
245    ^aหัวใจที่หวาดหวัง/^cจามรี พรรณชมพู
250    ^aพิมพ์ครั้งที่ 1
260    ^aกรุงเทพฯ :^bคลังวิทยา,^c2550
300    ^a320 หน้า
945    ^p190^l0^i14062
995    ^aวิภา
999    ^aใช้งานได้ทุกระบบ
รายการนี้ยังไม่มีแท็ก
คุณยังไม่ได้ล็อกอิน คุณสามารถมีกิจกรรมร่วมกับเว็บไซต์ได้ แต่ต้องล็อกอินก่อน ::
  ล็อกอิน

รายการสื่อสารสนเทศ

ลำดับที่ ประเภท เลขเรียก/บาร์โค้ด สถานที่ สถานะ
1. วิทยาศาสตร์การแพทย์ และสุขภาพ
วิทยาศาสตร์การแพทย์ และสุขภาพ
นว. จ313ห  
  Barcode: 14062
ห้องสมุดวิทยาเขตสวรรค์ประชารักษ์
►หนังสือทั่วไป
บนชั้น

รายการใกล้เคียง
    ผู้แต่ง [จามรี พรรณชมพู]

BibComment


ยังไม่เคยถูกคอมเมนท์

คอมเมนท์ทรัพยากรรายการนี้
  คอมเมนท์: หัวใจที่หวาดหวัง..


 Copyright 2026. Bcnsprnw @Library